[Event "Las Vegas National op"]
[Site "Las Vegas"]
[Date "2025.06.04"]
[Round "1"]
[White "Zhu, Alexander"]
[Black "Rostomyan, Mikayel"]
[Result "1/2-1/2"]
[WhiteElo "2056"]
[BlackElo "2358"]
[PlyCount "109"]
[EventDate "2025.06.04"]
[EventType "swiss"]
[EventRounds "9"]
[EventCountry "USA"]
[SourceTitle "CB24_2025"]
[SourceDate "2025.06.11"]
[SourceVersion "1"]
[SourceVersionDate "2025.06.11"]
[SourceQuality "1"]

1. c4 c5 2. Nf3 Nf6 3. Nc3 d5 4. cxd5 Nxd5 5. d4 e6 6. e4 Nxc3 7. bxc3 cxd4 8. cxd4 Bb4+ 9. Bd2 Bxd2+ 10. Qxd2 0-0 11. Bc4 b6 12. 0-0 Bb7 13. Rfe1 Nd7 14. a4 Rc8 15. Bd3 Nb8 16. a5 Nc6 17. Qb2 Nxa5 18. Rxa5 bxa5 19. Qxb7 Qb6 20. Qe7 Rc3 21. Bf1 Qb4 22. Qxb4 axb4 23. d5 exd5 24. exd5 Rd8 25. Nd4 Kf8 26. Nc6 Rxd5 27. Nxb4 Rd4 28. Na6 Rd6 29. Ra1 Rb6 30. g3 Rb2 31. Ra5 Rc1 32. Kg2 Rcc2 33. Rf5 h5 34. h4 g6 35. Rf4 Rb6 36. Nb4 Rd2 37. Nd3 Kg7 38. Ra4 Rb7 39. Ra6 Rc2 40. Ne5 Rc5 41. Nd3 Rcc7 42. Be2 Rb6 43. Ra5 Rd6 44. Nf4 Rdc6 45. Bd3 Kf8 46. Be4 Rd6 47. Ra2 Kg7 48. Bd5 Kh6 49. Ra5 Kg7 50. Ra2 Kf6 51. Ra5 Kg7 52. Ra2 Rcd7 53. Bf3 Rd2 54. Ra6 R2d6 55. Ra5 1/2-1/2

[Event "North American op 33rd"]
[Site "Las Vegas"]
[Date "2023.12.26"]
[Round "2"]
[White "De la Colina, Nicolas"]
[Black "Zhu, Alexander"]
[Result "1-0"]
[WhiteElo "2145"]
[BlackElo "1943"]
[PlyCount "63"]
[EventDate "2023.12.26"]
[EventType "swiss"]
[EventRounds "9"]
[EventCountry "USA"]
[SourceTitle "CBM 217 Extra"]
[Source "ChessBase"]
[SourceDate "2024.01.31"]
[SourceVersion "1"]
[SourceVersionDate "2024.01.31"]
[SourceQuality "1"]

1. e4 c5 2. Nc3 d6 3. d4 cxd4 4. Qxd4 Nc6 5. Qd2 g6 6. b3 Bh6 7. f4 Nf6 8. Bb2 e5 9. g3 Nd4 10. 0-0-0 0-0 11. Kb1 Bg4 12. Nge2 Bf3 13. Rg1 Qe7 14. Nxd4 Bxd1 15. Qxd1 exf4 16. Nf5 Qe6 17. Bc4 gxf5 18. gxf4+ Kh8 19. Bxe6 fxe6 20. exf5 e5 21. fxe5 dxe5 22. Nd5 Rad8 23. Bxe5 Bg7 24. c4 Rf7 25. Rxg7 Kxg7 26. Bxf6+ Rxf6 27. Qg4+ Kf7 28. Nxf6 Rd6 29. Nd5 b6 30. f6 a5 31. Qg7+ Ke8 32. Qe7# 1-0